MARC details
| 000 -CABECERA |
| campo de control de longitud fija |
02300nam a2200409 a 4500 |
| 003 - IDENTIFICADOR DEL NÚMERO DE CONTROL |
| campo de control |
CHAP |
| 005 - FECHA Y HORA DE LA ÚLTIMA TRANSACCIÓN |
| campo de control |
20230420183937.0 |
| 007 - CAMPO FIJO DE DESCRIPCIÓN FÍSICA--INFORMACIÓN GENERAL |
| campo de control de longitud fija |
ta |
| 008 - DATOS DE LONGITUD FIJA--INFORMACIÓN GENERAL |
| campo de control de longitud fija |
230419s2021 sp bd||fr|||| 001 0 spa d |
| 020 ## - NÚMERO INTERNACIONAL ESTÁNDAR DEL LIBRO |
| Número Internacional Estándar del Libro |
978-84-16383-90-0 |
| 040 ## - FUENTE DE LA CATALOGACIÓN |
| Centro catalogador/agencia de origen |
mxchpua |
| Centro/agencia transcriptor |
CHAP |
| Normas de descripción |
rda |
| 050 10 - SIGNATURA TOPOGRÁFICA DE LA BIBLIOTECA DEL CONGRESO |
| Número de clasificación |
HD30.255 |
| Número de documento/Ítem |
.J86 2021 |
| 082 00 - NÚMERO DE LA CLASIFICACIÓN DECIMAL DEWEY |
| Número de clasificación |
658.567 |
| Número de documento/Ítem |
J86 2011 |
| Número de edición |
20 |
| 100 1# - ENTRADA PRINCIPAL--NOMBRE DE PERSONA |
| 9 (RLIN) |
186724 |
| Nombre de persona |
Junquera Cimadevilla, Beatriz |
| Término indicativo de función/relación |
autora |
| 245 10 - MENCIÓN DE TÍTULO |
| Título |
La empresa limpia / |
| Mención de responsabilidad, etc. |
Beatriz Junquera Cimadevilla y Jesús Ángel del Brío González |
| 250 ## - MENCIÓN DE EDICIÓN |
| Mención de edición |
1a edición |
| 264 ## - PRODUCCIÓN, PUBLICACIÓN, DISTRIBUCIÓN, FABRICACIÓN Y COPYRIGHT |
| Producción, publicación, distribución, fabricación y copyright |
España : |
| Nombre del de productor, editor, distribuidor, fabricante |
DELTA, |
| Fecha de producción, publicación, distribución, fabricación o copyright |
2021 |
| 300 ## - DESCRIPCIÓN FÍSICA |
| Extensión |
xiii, 506 páginas : |
| Otras características físicas |
gráficas, tablas y mapas |
| 336 ## - TIPO DE CONTENIDO |
| Fuente |
rdacontent |
| Término de tipo de contenido |
texto |
| Código de tipo de contenido |
txt |
| 337 ## - TIPO DE MEDIO |
| Fuente |
rdamedia |
| Nombre/término del tipo de medio |
sin medio |
| Código del tipo de medio |
n |
| 338 ## - TIPO DE SOPORTE |
| Fuente |
rdacarrier |
| Nombre/término del tipo de soporte |
volumen |
| Código del tipo de soporte |
nc |
| 504 ## - NOTA DE BIBLIOGRAFÍA, ETC. |
| Nota de bibliografía, etc. |
Incluye bibliografías |
| 505 0# - NOTA DE CONTENIDO CON FORMATO |
| Nota de contenido con formato |
La responsabilidad social corporativa y el futuro del planeta --<br/>Los movimientos ecologistas y su papel en los enfoques medioambientales de las empresas -- <br/>Las Administraciones Públicas frente al reto verde -- <br/>La estrategia medioambiental de las empresas -- <br/>Eco-producción y cadena verde circular de suministro -- <br/>Eco-innovación y estrategia tecnológica medioambiental -- <br/>Sistemas de gestión medioambiental y su certificación -- <br/>La comunicación de la empresa limpia -- <br/>La PYME limpia |
| 520 2# - SUMARIO, ETC. |
| Sumario, etc. |
En este libro se muestran aquellos retos que preocupan a las empresas desde una perspectiva medioambiental y se discuten los enfoques más adecuados para afrontarlos. Con dicho objetivo, la obra cuenta con nueve capítulos. Tras explicar las principales causas y los principales retos a los que se enfrenta nuestro planeta, se analizan los factores externos a la empresa que inciden sobre su preocupación medioambiental. |
| 650 13 - PUNTO DE ACCESO ADICIONAL DE MATERIA--TÉRMINO DE MATERIA |
| 9 (RLIN) |
155955 |
| Término de materia o nombre geográfico como elemento de entrada |
Administración ambiental |
| 650 13 - PUNTO DE ACCESO ADICIONAL DE MATERIA--TÉRMINO DE MATERIA |
| 9 (RLIN) |
35556 |
| Término de materia o nombre geográfico como elemento de entrada |
Educación ambiental |
| 650 13 - PUNTO DE ACCESO ADICIONAL DE MATERIA--TÉRMINO DE MATERIA |
| 9 (RLIN) |
143891 |
| Término de materia o nombre geográfico como elemento de entrada |
Gestión ambiental |
| 650 13 - PUNTO DE ACCESO ADICIONAL DE MATERIA--TÉRMINO DE MATERIA |
| 9 (RLIN) |
156818 |
| Término de materia o nombre geográfico como elemento de entrada |
Evaluación de impacto ambiental |
| 650 13 - PUNTO DE ACCESO ADICIONAL DE MATERIA--TÉRMINO DE MATERIA |
| 9 (RLIN) |
57465 |
| Término de materia o nombre geográfico como elemento de entrada |
Impacto ambiental |
| 650 13 - PUNTO DE ACCESO ADICIONAL DE MATERIA--TÉRMINO DE MATERIA |
| 9 (RLIN) |
186307 |
| Término de materia o nombre geográfico como elemento de entrada |
Environmental stewardship |
| 650 13 - PUNTO DE ACCESO ADICIONAL DE MATERIA--TÉRMINO DE MATERIA |
| 9 (RLIN) |
186728 |
| Término de materia o nombre geográfico como elemento de entrada |
Environmental education |
| 650 13 - PUNTO DE ACCESO ADICIONAL DE MATERIA--TÉRMINO DE MATERIA |
| 9 (RLIN) |
160239 |
| Término de materia o nombre geográfico como elemento de entrada |
Environmental management |
| 650 13 - PUNTO DE ACCESO ADICIONAL DE MATERIA--TÉRMINO DE MATERIA |
| 9 (RLIN) |
162347 |
| Término de materia o nombre geográfico como elemento de entrada |
Environmental assessment |
| 650 13 - PUNTO DE ACCESO ADICIONAL DE MATERIA--TÉRMINO DE MATERIA |
| 9 (RLIN) |
156817 |
| Término de materia o nombre geográfico como elemento de entrada |
Environmental impact |
| 700 1# - PUNTO DE ACCESO ADICIONAL--NOMBRE DE PERSONA |
| 9 (RLIN) |
186729 |
| Nombre de persona |
Brío González, Jesús Ángel del |
| 942 ## - ELEMENTOS DE PUNTO DE ACCESO ADICIONAL (KOHA) |
| Fuente del sistema de clasificación o colocación |
Dewey Decimal Classification |
| Tipo de ítem Koha |
|